| 000 | 00478nam a2200181 4500 | ||
|---|---|---|---|
| 001 | 9732 | ||
| 005 | 20230410121145.0 | ||
| 008 | 060907n1992 dr spa | ||
| 020 | _a8425909309 | ||
| 035 | _9funglode9812 | ||
| 041 | _aES | ||
| 050 | 1 | 4 | _aJX 175 S678 1992 |
| 100 | _aMesa, Roberto | ||
| 245 | 1 | 3 |
_aLa nueva sociedad internacional / _cRoberto Mesa |
| 260 |
_aMadrid : _bCentro de estudios constitucionales, _c1992 |
||
| 300 | _a271 p. | ||
| 942 |
_2lcc _cbk |
||
| 999 |
_c59089 _d59089 |
||